Prueba de Groenlandia - Estadísticas

Estadísticas generales
  • Esta prueba ha sido intentada 892 veces
  • La puntuación promedio es 10 de 16
Estadísticas de respuestas
Pista Respuesta % Correcto
Groenlandia es una parte autónoma de este país Dinamarca
99%
Países más cercanos Canadá
96%
País que ofreció comprar Groenlandia por 100 millones de dólares en 1946 Estados Unidos
95%
Países más cercanos Islandia
95%
¿Qué cubre el 81% del área de Groenlandia? Capa de hielo
89%
Grupo de personas que se asentaron en Groenlandia a partir del año 986 d.C. Nórdico
77%
Capital Nuuk
63%
Animal en el escudo de armas Oso polar
58%
El 88% de los residentes pertenecen a este grupo étnico empezando por I Inuit
57%
Producto alimenticio que representa la mayor parte de las exportaciones de Groenlandia Pescado
55%
Lamentablemente, Groenlandia tiene una tasa de ______ casi el doble que la de cualquier otro país del mundo. Suicidio
54%
Idioma oficial Groenlandés
46%
La persona que fundó ese asentamiento Erik el Rojo
42%
Se cree que el animal encontrado frente a la costa de Groenlandia tiene la vida más larga de cualquier vertebrado (300-500 años) Tiburón
41%
Gran bóvido que vive en el norte de Groenlandia {Buey} almizclero
39%
La proyección del mapa común que hace que Groenlandia parezca tener casi el tamaño de África, aunque África es 14 veces más grande Proyección de {Mercator}
36%
No se encontraron pruebas coincidentes
Distribución de puntuación
Porcentaje de gente con cada puntuación
Porcentaje por número respondido
Historial de tus puntuaciones
No has intentado esta prueba.